Lógicas de los mundos: el ser y el acontecimiento, 2
Na minha lista:
| Autor principal: | |
|---|---|
| Formato: | Livro |
| Idioma: | espanhol |
| Publicado em: |
Buenos Aires
Manantial
2008
|
| Edição: | 1a. ed |
| Colecção: | Bordes
|
| Assuntos: | |
| Tags: |
Adicionar Tag
Sem tags, seja o primeiro a adicionar uma tag!
|
MARC
| LEADER | 00000cam a2200000 a 4500 | ||
|---|---|---|---|
| 001 | UCH4848 | ||
| 003 | CL-VaPUC | ||
| 008 | 090910e20080000AG |||||||||||||||||spa|d | ||
| 020 | |a 9789875001114 | ||
| 082 | 0 | 4 | |a 190 |b BAD |2 21 |
| 100 | 0 | |a Badiou, Alain |e author |9 540811 | |
| 245 | 1 | 0 | |a Lógicas de los mundos: el ser y el acontecimiento, 2 |
| 250 | |a 1a. ed | ||
| 300 | |a 662 p | ||
| 942 | |c BK | ||
| 945 | |d 20090910 00:00:00 |a rbrito | ||
| 260 | |a Buenos Aires |b Manantial |c 2008 | ||
| 650 | 0 | |a Filosofía contemporánea |9 265372 | |
| 583 | |a last modification |c 20121106 08:53:23 |k Rodrigo Vera | ||
| 490 | 0 | |a Bordes | |
| 999 | |c 336101 |d 336099 | ||
| 952 | |0 0 |1 0 |4 0 |6 190_000000000000000_BAD_2008 |7 0 |8 A |9 427034 |a BIBGIM |b BIBGIM |d 2019-11-22 |i 4814649 |o 190 BAD 2008 |p 4814649 |r 2025-01-15 |w 2019-11-22 |y BK |k SSL | ||
| 952 | |0 0 |1 0 |4 0 |6 190_000000000000000_BAD_2008 |7 0 |8 A |9 427035 |a BIBEDU |b BIBEDU |d 2019-11-22 |i 4922190 |l 1 |o 190 BAD 2008 |p 4922190 |r 2023-07-24 |s 2023-07-24 |w 2019-11-22 |y BK |k FIL | ||
| 952 | |0 0 |1 0 |3 erb |4 0 |6 190_000000000000000_BAD_2008 |7 0 |8 A |9 427036 |a BIBEDU |b BIBEDU |d 2019-11-22 |i 5019044 |o 190 BAD 2008 |p 5019044 |r 2019-11-22 |w 2019-11-22 |y BK |z Catalogado en:20131018 |k PSI | ||